Задачи системы дополнительного образования детей Ставропольского края в связи с вступлением в силу Федерального закона "Об образовании в Российской Федерации" (Запись № 10749871)

Подробности
000 -МАРКЕР
контрольное поле 03372nam0a2200373 i 4500
001 - ИДЕНТИФИКАТОР ЗАПИСИ
контрольное поле RU\NLR\BIBL_A\010352055
005 - ИДЕНТИФИКАТОР ВЕРСИИ
контрольное поле 20260503061442.0
010 ## - МЕЖДУНАРОДНЫЙ СТАНДАРТНЫЙ НОМЕР КНИГИ (ISBN)
Номер (ISBN) 9785930788044
Тираж 300
021 ## - НОМЕР ГОСУДАРСТВЕННОЙ РЕГИСТРАЦИИ
Код страны Российская Федерация
Номер 14-14220
035 ## - ДРУГИЕ СИСТЕМНЫЕ НОМЕРА
Идентификатор записи (NILC)RuMoRGB-006754356
035 ## - ДРУГИЕ СИСТЕМНЫЕ НОМЕРА
Идентификатор записи (NLR Aleph) 010352055
100 ## - ДАННЫЕ ОБЩЕЙ ОБРАБОТКИ
Данные общей обработки 20140429d2013 km y0rusy50 ca
101 0# - ЯЗЫК РЕСУРСА
Язык текста, звукозаписи и т.д. русский
102 ## - СТРАНА ПУБЛИКАЦИИ ИЛИ ПРОИЗВОДСТВА
Страна публикации Российская Федерация
105 ## - ПОЛЕ КОДИРОВАННЫХ ДАННЫХ: ТЕКСТОВЫЕ МАТЕРИАЛЫ, МОНОГРАФИЧЕСКИЕ
Кодированные данные о монографическом текстовом документе a|||z|||11|||
200 1# - ЗАГЛАВИЕ И СВЕДЕНИЯ ОБ ОТВЕТСТВЕННОСТИ
Основное заглавие Задачи системы дополнительного образования детей Ставропольского края в связи с вступлением в силу Федерального закона "Об образовании в Российской Федерации"
Сведения, относящиеся к заглавию сборник материалов краевой научно-практической конференции, посвященной 95-летию государственной системы дополнительного (внешкольного) образования детей
Первые сведения об ответственности [сост. Соколова А. А.]
210 ## - ПУБЛИКАЦИЯ, РАСПРОСТРАНЕНИЕ И ДР.
Место издания, распространения и т.д. Ставрополь
Имя издателя, распространителя и т. д. Сервисшкола
Дата издания, распространения и т.д. 2013
215 ## - ФИЗИЧЕСКАЯ ХАРАКТЕРИСТИКА
Специфическое обозначение материала и объем 210, [4] с.
Другие сведения о физической характеристике ил., табл.
Размеры 21
300 ## - ОБЩИЕ ПРИМЕЧАНИЯ
Текст примечания В надзаг.: М-во образования и молодеж. политики Ставропол. края, Гос. бюджет. образоват. учреждение доп. образования детей "Краевой центр развития творчества детей и юношества им. Ю. А. Гагарина"
320 ## - ПРИМЕЧАНИЯ О НАЛИЧИИ В ДОКУМЕНТЕ БИБЛИОГРАФИИ / УКАЗАТЕЛЯ
Текст примечания Библиогр. в конце ст.
606 1# - НАИМЕНОВАНИЕ ТЕМЫ КАК ПРЕДМЕТ
Наименование темы Дополнительное образование детей
Формальный подзаголовок Съезды, совещания и т.п
Географический подзаголовок Ставропольский край
Системный номер авторитетной/нормативной записи 2185900
Идентификатор авторитетной/нормативной записи RU\NLR\AUTH\6601550447
675 ## - УНИВЕРСАЛЬНАЯ ДЕСЯТИЧНАЯ КЛАССИФИКАЦИЯ (UDC/УДК)
Индекс 371.398(082)
686 1# - ИНДЕКСЫ ДРУГИХ КЛАССИФИКАЦИЙ
Индекс Ч421.387я431
702 #1 - ИМЯ ЛИЦА - ВТОРИЧНАЯ ОТВЕТСТВЕННОСТЬ
Код отношения Составитель
Начальный элемент ввода Соколова
Часть имени, кроме начального элемента ввода А. А.
Дополнения к именам, кроме дат педагог, внешкольное образование
Расширение инициалов личного имени Алена Анатольевна
Системный номер авторитетной/нормативной записи 134093
Идентификатор авторитетной/нормативной записи RU\NLR\AUTH\770134127
711 12 - НАИМЕНОВАНИЕ ОРГАНИЗАЦИИ - АЛЬТЕРНАТИВНАЯ ОТВЕТСТВЕННОСТЬ
Начальный элемент ввода "Задачи системы дополнительного образования детей Ставропольского края в связи с вступлением в силу Федерального закона "Об образовании в Российской Федерации", Интернет-форум
Дата проведения временной организации 2013
Системный номер авторитетной/нормативной записи 400885
Идентификатор авторитетной/нормативной записи RU\NLR\AUTH\880367109
711 12 - НАИМЕНОВАНИЕ ОРГАНИЗАЦИИ - АЛЬТЕРНАТИВНАЯ ОТВЕТСТВЕННОСТЬ
Начальный элемент ввода Ставропольская краевая научно-практическая конференция, посвященная 95-летию государственной системы дополнительного (внешкольного) образования детей по теме "Задачи системы дополнительного образования детей Ставропольского края в связи с вступлением в силу Федерального закона "Об образовании в Российской Федерации"
Дата проведения временной организации 2013
Системный номер авторитетной/нормативной записи 400863
Идентификатор авторитетной/нормативной записи RU\NLR\AUTH\880367099
801 #0 - ИСТОЧНИК ЗАПИСИ
Страна Российская Федерация
Организация RuMoRKP
Дата составления 20140303
Правила каталогизации RCR
801 #2 - ИСТОЧНИК ЗАПИСИ
Страна Российская Федерация
Организация РГБ
Дата составления 20140321
Правила каталогизации rcr
942 ## - ДОПОЛНИТЕЛЬНЫЕ ЭЛЕМЕНТЫ ЗАПИСИ (АБИС)
Тип экземпляра АБИС Книга
980 ## - КОЛЛЕКЦИЯ
Название коллекции НБР

Нет доступных экземпляров.